000 00641nam a2200193 i 4500
001 27752
003 ES-MaACL
005 20230906153713.0
007 t|
008 030115s1976 sp ||||1| spa d
100 1 _aBaamonde, Miguel Angel.
_924397
245 1 3 _aLa vocación teatral de Antonio Machado /
_cMiguel Angel Baamonde.
260 _aMadrid :
_bGredos,
_c[1976]
300 _a306 p. ;
_c21 cm.
490 1 _aBiblioteca románica hispánica. II. Estudios y ensayos ;
_v244
830 0 _aBiblioteca románica hispánica. II. Estudios y ensayos ;
_v244
_9178108
852 _aES-MaACL
_jA-5824
_bR.94843
999 _c27752
_d27752